Countries in Russian language - Statistics

General Stats
  • This quiz has been taken 119 times
  • The average score is 9 of 10
Answer Stats
Russian English % Correct
Rossiya Russia
99%
Nigeriya Nigeria
97%
Bangladesha Bangladesh
95%
Pol'sha Poland
95%
Novaya Zelandiya New zealand
94%
M'yanma Myanmar
93%
Ob"yedinennyye Arabskiye Emiraty United Arab Emirates
93%
Saudovskaya Araviya Saudi Arabia
91%
Soyedinennyye Shtaty United States
82%
Ob"yedinennoye Korolevstvo United kingdom
77%
No matching quizzes found
Score Distribution
Percent of People with Each Score
Percentile by Number Answered
Your Score History
You have not taken this quiz